000
00254nam a2200109 a 4500
005
20200930080313.0
008
120328s1974 000 spa d
020
_a
085117034x
245
0
_a
Sinews of empire.
260
_a
London,
_c
1974.
999
_c
36831
_d
36831
040
_a
DO-SdBNP